Vaccination ethics and policy (Record no. 4674)

MARC details
000 -CABECERA
campo de control de longitud fija 02325nam a22002297a 4500
008 - DATOS DE LONGITUD FIJA--INFORMACIÓN GENERAL
campo de control de longitud fija 250516b |||||||| |||| 00| 0 eng d
020 ## - NÚMERO INTERNACIONAL ESTÁNDAR DEL LIBRO
Número Internacional Estándar del Libro 9780262544122
040 ## - FUENTE DE LA CATALOGACIÓN
Centro/agencia transcriptor tbs
041 ## - CÓDIGO DE LENGUA
Código de lengua del texto/banda sonora o título independiente eng
050 ## - SIGNATURA TOPOGRÁFICA DE LA BIBLIOTECA DEL CONGRESO
Número de clasificación RA638
Número de documento/Ítem .V2982 2017
245 ## - MENCIÓN DE TÍTULO
Título Vaccination ethics and policy
Resto del título : an introduction with readings
Mención de responsabilidad, etc. / edited by Jason L. Schwartz and Arthur L. Caplan.
260 ## - PUBLICACIÓN, DISTRIBUCIÓN, ETC.
Lugar de publicación, distribución, etc. Cambridge, MA :
Nombre del editor, distribuidor, etc. The MIT Press,
Fecha de publicación, distribución, etc. 2017.
300 ## - DESCRIPCIÓN FÍSICA
Extensión xxii, 432 pages ;
Dimensiones 24 cm.
490 ## - MENCIÓN DE SERIE
Mención de serie Basic bioethics
520 ## - SUMARIO, ETC.
Sumario, etc. A comprehensive overview of important and contested issues in vaccination ethics and policy by experts from history, science, policy, law, and ethics.<br/><br/>Vaccination has long been a familiar, highly effective form of medicine and a triumph of public health. Because vaccination is both an individual medical intervention and a central component of public health efforts, it raises a distinct set of legal and ethical issues—from debates over their risks and benefits to the use of government vaccination requirements—and makes vaccine policymaking uniquely challenging. This volume examines the full range of ethical and policy issues related to the development and use of vaccines in the United States and around the world. Forty essays, articles, and reports by experts in the field look at all aspects of the vaccine life cycle. After an overview of vaccine history, they consider research and development, regulation and safety, vaccination promotion and requirements, pandemics and bioterrorism, and the frontier of vaccination. <br/> <br/>The texts cover such topics as vaccine safety controversies; the ethics of vaccine trials; vaccine injury compensation; vaccine refusal and the risks of vaccine-preventable diseases; equitable access to vaccines in emergencies; lessons from the eradication of smallpox; and possible future vaccines against cancer, malaria, and Ebola.<br/> <br/>The volume intentionally includes texts that take opposing viewpoints, offering readers a range of arguments. The book will be an essential reference for professionals, scholars, and students.
650 #0 - PUNTO DE ACCESO ADICIONAL DE MATERIA--TÉRMINO DE MATERIA
Término de materia o nombre geográfico como elemento de entrada Vaccination
Subdivisión general Ethics
9 (RLIN) 25258
650 #0 - PUNTO DE ACCESO ADICIONAL DE MATERIA--TÉRMINO DE MATERIA
Término de materia o nombre geográfico como elemento de entrada Health policy
9 (RLIN) 25259
655 #0 - TÉRMINO DE INDIZACIÓN--GÉNERO/FORMA
Datos o término principal de género/forma Collected works
9 (RLIN) 25260
700 ## - ENTRADA AGREGADA--NOMBRE PERSONAL
Nombre de persona Schwartz, Jason
Forma completa/desarrollada del nombre Jason Lee
9 (RLIN) 25256
Término indicativo de función/relación editor
700 ## - ENTRADA AGREGADA--NOMBRE PERSONAL
Nombre de persona Caplan, Arthur L.
Títulos y otros términos asociados al nombre Caplan, Arthur L.
Término indicativo de función/relación editor
942 ## - ELEMENTOS DE ENTRADA AGREGADA (KOHA)
Fuente del sistema de clasificación o colocación Clasificación de Library of Congress
Holdings
Estado de retiro Estado de pérdida Fuente del sistema de clasificación o colocación Estado dañado No para préstamo Biblioteca de origen Biblioteca actual Fecha de adquisición Total de préstamos Signatura topográfica completa Código de barras Fecha visto por última vez Número de copia Precio válido a partir de Tipo de ítem Koha
    Clasificación de Library of Congress     TBS Barcelona TBS Barcelona 16/05/2025   RA638 SCH B05753 16/05/2025 1 16/05/2025 Book

Powered by Koha